000 00406nam a2200181Ia 4500
008 210210b1939 xxu||||| |||| 00| 0 eng d
041 _aeng
082 _a824/3
100 _aALEXANDER (Peter)
245 _ashakespeares life and art
260 _aLondon
_b-
_c1939
650 _ashakespeares
650 _alife
650 _aart
650 _aand
690 _aEnglish Criticism
906 _a013957
999 _c133030
_d133030